Controlling zodpovedného podnikania vo vybranom podniku diplomová práca

Na minha lista:
Detalhes bibliográficos
Autor principal: Viskupič, Stanislav
Autor Corporativo: Fakulta podnikového manažmentu EU. Katedra podnikovohospodárska
Outros Autores: Dubcová, Gabriela, 1968-
Formato: Livro
Idioma:eslovaco
Publicado em: Bratislava 2018
Tags: Adicionar Tag
Sem tags, seja o primeiro a adicionar uma tag!

MARC

LEADER 00000nbm a2200000 4500
001 0244635
005 20181004112222.1
041 0 |a slo 
044 |a SK 
245 1 0 |a Controlling zodpovedného podnikania vo vybranom podniku  |b diplomová práca  |c Stanislav Viskupič ; školiteľ: Gabriela Dubcová 
264 1 |a Bratislava  |c 2018 
300 |a 98 s. 
100 1 |a Viskupič, Stanislav 
700 1 |a Dubcová, Gabriela, 1968- 
710 2 |a Fakulta podnikového manažmentu EU. Katedra podnikovohospodárska